000 00946nam a22003017a 4500
003 CHAP
005 20220817042605.0
008 971013s1969 r 00010 d
010 _a49101
011 _a50073
035 _a54223
040 _cCHAP
082 _a551.5
_bP4 1969
100 0 0 _aPetterssen, Sverre.
_987696
245 _aIntroduction to meteorology
250 _a3 ed.
260 _aNew York :
_bMcGraw-Hill,
_c1969
300 _a331 p.
_b: ilus. ; gráfs. ; mapas
590 _aBATCH-UPD
_b10
_c20130110
_lUCH01
_h0524
590 _aBATCH-UPD
_b10
_c20130410
_lUCH01
_h0203
590 _aBATCH-UPD
_b10
_c20130914
_lUCH01
_h1815
590 _aCONVERSION
_b10
_c20130109
_lUCH01
_h1327
650 1 4 _aMeteorología.
901 _aBK
942 _cLIBRO
949 _a551.5 P4 1969
_bBC
_cLIBRO
_d33724000239364
_eLIBRO
_fc.2
_h55810
_i54223
_si
_t813.00
949 _a551.5 P4 1969
_bBC
_cLIBRO
_d33724000661732
_eLIBRO
_h55806
_i54223
_si
_t813.00
999 _c49101
_d49101